000 01115nam a22003257a 4500
003 CHAP
005 20220817044525.0
008 120529s1993 mdu r 00010 eng d
010 _a103248
011 _a104220
022 0 _a1052-5378
035 _a114910
040 _cCHAP
082 0 4 _a628.9693016
_bSh92
100 1 _aShull, Catherine Lynn
_9105777
245 1 0 _aHousing, husbandry, and welfare of rodents :
_bjanuary 1979 - june 1993
_c/por Catherine Lynn Shull
260 _aMaryland, EUA :
_bNational Agricultural Library,
_c1993
300 _a73 p.
490 0 _aQuick bibliography series.
_pAnimal welfare
_v; 93-52
590 _aBATCH-UPD
_b10
_c20130110
_lUCH01
_h1415
590 _aBATCH-UPD
_b10
_c20130410
_lUCH01
_h0859
590 _aBATCH-UPD
_b10
_c20130914
_lUCH01
_h0626
590 _aCONVERSION
_b10
_c20130109
_lUCH01
_h1357
650 1 4 _aBienestar animal.
650 1 4 _aRoedores
_xBibliografía.
_999028
830 0 _aQuick bibliography series.
_pAnimal welfare
_v; 93-52
_993291
901 _aBK
942 _cLIBRO
949 _a628.9693016 Sh92
_bBC
_cC
_d33724002334298
_eC
_h116726
_i114910
_sb
999 _c103248
_d103248